The Scooby-Doo Show Monsters - Statistics

General Stats
  • This quiz has been taken 78 times
  • The average score is 25 of 59
Answer Stats
Picture Answer % Correct
No-Face Zombie
76%
Headless Horseman
74%
10,000 Volt Ghost
71%
Black Knight
71%
Disc Demon
71%
Gator Ghoul
71%
Zombie
71%
Zombie
71%
Old Iron Face
68%
Demon Shark
65%
Steam Demon
65%
Vanilla Technicolor Phantom
65%
Ghost of Merlin
62%
Gramps the Vamp
62%
Strawberry Technicolor Phantom
62%
Tar Monster
62%
Pterodactyl Ghost
59%
Chocolate Technicolor Phantom
56%
Loch Ness Monster
56%
Skeleton Men
56%
Jaguaro
53%
Owl Men
53%
Tamuka the Ghost Bull
53%
Rambling Ghost
50%
Talking Bull
50%
Gorilla
47%
The Medicine Man
44%
Cat Creature
38%
Mamba Wamba
38%
Snow Beast
38%
Willawaw
38%
Octopus Monster
35%
Mantis
32%
Moon Monster
32%
Ghost of Dr. Coffin
29%
Ghost of Milo Booth
29%
Kelp Monster
29%
Phantom Racer
29%
The Specter of Ebenezer Crabbe
29%
Zombie Lila
29%
Future Monster
26%
Ghost of Captain Pescado
26%
Ghost Witch of Old Salem
26%
Netty Crabbe
26%
Aztec Monster
24%
Creepy Heap from the Deep
21%
Ghostly Gondolier
21%
Ghost of Benedict Arnold
21%
Ghost of King Katazuma
21%
Viking Ghosts
21%
Beast of Bottomless Lake
18%
Devil Hound
18%
Ghost of Major André
18%
Ghost of William Demont
18%
Ghost of Witch McCoy
18%
Ghost of Finnyan McDuff
15%
Soulless Captain Clements
12%
Warlock Anthos
12%
Ghost of Juan Carlos
9%
No matching quizzes found
Score Distribution
Percent of People with Each Score
Percentile by Number Answered
Your Score History
You have not taken this quiz